[Event "FRA-chT3 Gr4 0203"]
[Site "Limoges"]
[Date "2002.12.08"]
[Round "?"]
[White "Morand, Christophe"]
[Black "Cibeau, Axel"]
[Result "1-0"]
[WhiteElo "2020"]
[BlackElo "1860"]
[PlyCount "85"]
[EventDate "2002.11.11"]
[EventType "team-tourn"]
[EventRounds "9"]
[EventCountry "FRA"]
[SourceTitle "EXT 2004"]
[Source "ChessBase"]
[SourceDate "2003.11.25"]
[SourceVersion "1"]
[SourceVersionDate "2003.11.25"]
[SourceQuality "1"]

1. d4 e6 2. c4 b6 3. Nc3 Bb7 4. Nf3 d5 5. cxd5 exd5 6. Bf4 Bd6 7. Bg3 Nf6 8. e3 Ne4 9. Nxe4 dxe4 10. Nd2 f5 11. Bxd6 Qxd6 12. Bc4 Bd5 13. Qb3 c6 14. 0-0 Nd7 15. Rac1 0-0 16. Bxd5+ cxd5 17. Rc3 Rac8 18. Rfc1 Rxc3 19. Qxc3 Nf6 20. a3 f4 21. Qc7 Qxc7 22. Rxc7 fxe3 23. fxe3 Rf7 24. Rc8+ Rf8 25. Rc6 Rf7 26. h3 Kf8 27. Nb1 Ke8 28. Rc8+ Kd7 29. Ra8 Kc6 30. Nc3 Rd7 31. a4 Kb7 32. Rf8 Ka6 33. g4 h6 34. b4 Kb7 35. Kf2 a6 36. Kg3 Rc7 37. Rxf6 gxf6 38. Nxd5 Rc4 39. Kf4 a5 40. bxa5 bxa5 41. Nxf6 Rxa4 42. Nxe4 Rc4 43. Nd6+ 1-0

[Event "FRA-chT2"]
[Site "France"]
[Date "2002.03.??"]
[Round "11.7"]
[White "Morand, Christophe"]
[Black "Carvallo, Henri"]
[Result "0-1"]
[WhiteElo "2010"]
[BlackElo "2161"]
[PlyCount "116"]
[EventDate "2002.??.??"]
[EventType "team-tourn"]
[EventRounds "11"]
[EventCountry "FRA"]
[SourceTitle "EXT 2003"]
[Source "ChessBase"]
[SourceDate "2002.11.25"]
[SourceVersion "1"]
[SourceVersionDate "2002.11.25"]
[SourceQuality "1"]

1. d4 d6 2. c4 e5 3. dxe5 dxe5 4. Qxd8+ Kxd8 5. Nc3 c6 6. e4 Be6 7. Be3 Nd7 8. 0-0-0 Kc7 9. Be2 f6 10. Nf3 g6 11. Ne1 Bh6 12. Nc2 Bxe3+ 13. Nxe3 Nh6 14. Rd2 a5 15. Rhd1 Nc5 16. h3 Rhd8 17. Rxd8 Rxd8 18. Rxd8 Kxd8 19. b3 Bg8 20. h4 Nf7 21. Kc2 Nd6 22. Bd3 Ne8 23. a3 Nc7 24. b4 axb4 25. axb4 N5a6 26. Na2 Ne6 27. Kc3 Nd4 28. Nc1 c5 29. b5 Nc7 30. g3 Be6 31. Bf1 Ne8 32. Nd3 b6 33. Nd5 Bxd5 34. exd5 Nd6 35. Bg2 Ne2+ 36. Kd2 Nd4 37. Kc3 Ke7 38. Nb2 Kd8 39. Kd3 f5 40. Ke3 Ke7 41. Bf1 h6 42. Na4 Nc8 43. Bg2 Kd6 44. Bh3 g5 45. hxg5 hxg5 46. Bf1 e4 47. g4 Ke5 48. gxf5 Nxf5+ 49. Kd2 Kf4 50. Be2 g4 51. Bf1 e3+ 52. fxe3+ Nxe3 53. d6 Nxd6 54. Nxb6 Nxf1+ 55. Ke1 Ne3 56. Kf2 Nexc4 57. Nd5+ Ke5 58. Nc3 Ne4+ 0-1

[Event "FRA-chT4 0001"]
[Site "Niort"]
[Date "2001.03.11"]
[Round "7"]
[White "Morand, Christophe"]
[Black "Senechaud, Dany"]
[Result "1-0"]
[WhiteElo "1970"]
[BlackElo "1990"]
[PlyCount "81"]
[EventDate "2000.10.15"]
[EventType "team-tourn"]
[EventRounds "7"]
[EventCountry "FRA"]
[SourceTitle "EXT 2007"]
[Source "ChessBase"]
[SourceDate "2006.11.23"]
[SourceVersion "1"]
[SourceVersionDate "2006.11.23"]
[SourceQuality "1"]

1. d4 Nf6 2. c4 e6 3. Nc3 b6 4. Nf3 Bb7 5. e3 Bb4 6. Bd2 0-0 7. Bd3 d5 8. 0-0 dxc4 9. Bxc4 c5 10. a3 cxd4 11. axb4 dxc3 12. Bxc3 Qc7 13. Qe2 Nbd7 14. Rfd1 Bxf3 15. gxf3 Rac8 16. Bb3 e5 17. Qf1 Rfd8 18. Qg2 Kf8 19. Kh1 h6 20. Rg1 g6 21. f4 exf4 22. Bxf7 g5 23. Be6 fxe3 24. Bxf6 Nxf6 25. Bxc8 Rxc8 26. fxe3 Qe7 27. Rgf1 Kg7 28. Ra3 Rd8 29. Rfa1 Rd7 30. Qa8 Nd5 31. Rxa7 Qe4+ 32. Kg1 Qxe3+ 33. Kf1 Qf3+ 34. Kg1 Qg4+ 35. Kf2 Nc7 36. Rxc7 Rxc7 37. Ra7 Qf4+ 38. Kg2 Kf6 39. Qf8+ Kg6 40. Qxf4 Rc2+ 41. Qf2 1-0